[Event "Rilton Cup"]
[Site "Stockholm"]
[Date "1978.??.??"]
[Round "9"]
[White "Plachetka, Jan"]
[Black "Schuetz, I."]
[Result "1-0"]
[WhiteElo "2470"]
[BlackElo "2240"]

1.d4 Nf6 2.c4 g6 3.Nc3 Bg7 4.e4 d6 5.Nf3 O-O 6.Be2 e5 7.O-O Nc6 8.d5 Ne7
9.Nd2 c5 10.dxc6 bxc6 11.b4 d5 12.Rb1 Be6 13.Re1 Qc7 14.f3 Rad8 15.Qa4 d4
16.Nd1 Nh5 17.Nf2 f5 18.c5 Kh8 19.Bc4 Bc8 20.Nb3 fxe4 21.Nxe4 Bf5 22.Bg5 Nf6
23.Qa5 Qd7 24.Nxf6 Bxf6 25.Bxf6+ Rxf6 26.Rbd1 Bc2 27.Rd2 Bxb3 28.axb3 Nf5
29.Rxe5 Re8 30.Rxe8+ Qxe8 31.Re2 Qd7 32.Bd3 Ne3 33.b5 Qd5 34.Qb4 cxb5 35.Qxb5 Rf8
36.c6 Qd6 37.b4 Rb8 38.Qc5 Qxc5 39.bxc5 Rb3 40.c7  1-0

[Event "Tatran Cup"]
[Site "Strbske Pleso"]
[Date "1978.??.??"]
[Round "7"]
[White "Cvetkovic, Srdjan"]
[Black "Treybal, Dusan"]
[Result "1/2-1/2"]
[WhiteElo "2390"]
[BlackElo "2200"]

1.Nf3 Nf6 2.c4 g6 3.Nc3 Bg7 4.e4 d6 5.d4 O-O 6.Be2 e5 7.O-O Nc6 8.d5 Ne7
9.Ne1 Nd7 10.Nd3 f5 11.Bd2 Nf6 12.f3 f4 13.c5 g5 14.Rc1 Ne8 15.cxd6 cxd6
16.a4 Rf7 17.Nb5 Bf8 18.Nf2 h5 19.Qc2 Ng6 20.Nxa7 Rc7 21.Ba5 Rxc2 22.Bxd8 Rxe2
23.Nxc8 Rxa4 24.Nd3 g4 25.Rf2 Rxf2 26.Kxf2 Kf7 27.Nb6 Rd4 28.Ke2 Be7 29.Bxe7 Kxe7
30.Rc4 Rxc4 31.Nxc4 Kd7 32.b4 Nc7 33.Na3 Ne8 34.b5 Nh8 35.Nc4 Nf7 36.fxg4 hxg4
37.g3 Nf6 38.gxf4 exf4 39.Nxf4 Nxe4 40.Kd3 Nf6  1/2-1/2

[Event "CAN-ch/zt"]
[Site "Toronto"]
[Date "1978.??.??"]
[Round "3"]
[White "Nickoloff, Bryon"]
[Black "Coudari, Camille"]
[Result "1/2-1/2"]
[WhiteElo "2280"]
[BlackElo "2285"]

1.Nf3 d6 2.d4 Nf6 3.c4 g6 4.Nc3 Bg7 5.e4 O-O 6.Be2 e5 7.O-O Nc6 8.d5 Ne7
9.Ne1 Nd7 10.Nd3 f5 11.f3 Kh8 12.Bd2 Ng8 13.Rc1 Qe7 14.Nb5 Ndf6 15.Nf2 a6
16.Na3 Nh5 17.g3 f4 18.g4 Nhf6 19.h3 h5 20.Kg2 Ne8 21.Be1 Bf6 22.c5 Nh6 23.cxd6 cxd6
24.Nc4 Rb8 25.Nb6 Bd7 26.Qb3 Rd8 27.Nd1 Bh4 28.Qb4 Qg5 29.Bxh4 Qxh4 30.Qe1 Qe7
31.Rg1 Rf7 32.Kf1 hxg4 33.hxg4 Rh7 34.Kg2 Ng8 35.Rh1 Ngf6 36.Nf2 Rxh1 37.Qxh1+ Nh7
38.Bd1 Kg7 39.Bb3 Rb8 40.Qh3 Qd8 41.Rh1 Nf8 42.Nxd7 Qxd7 43.Qh6+ Kf7 44.Nh3 Nf6
45.Ng5+ Ke8 46.Ne6 N6h7 47.Ng7+ Kf7 48.Ne6 Ke8 49.Qh4 Rc8 50.Qf2 Qb5 51.Qd2 Ke7
52.Re1 Qb6 53.Rh1 Qb5 54.Qf2 Ke8 55.Re1 Ke7 56.Qh4+ Ke8 57.Qh6 Qb4 58.Re2 Qb5
59.Rf2 Qd7 60.Qh4 Rc1 61.Re2 Qe7 62.Qf2 Nd7 63.Re1 Rxe1 64.Qxe1 Nc5 65.Qh1 Nf8
66.Qh8 Nd7 67.Ba4 b5 68.Bb3 Nc5 69.Qg8 Qf7 70.Qh8 Qe7  1/2-1/2

[Event "Tramandai zt"]
[Site "Tramandai"]
[Date "1978.??.??"]
[Round "7"]
[White "Estrada Degrandi, Walter"]
[Black "Braga, Cicero"]
[Result "1/2-1/2"]
[WhiteElo "2205"]
[BlackElo "2200"]

1.Nf3 Nf6 2.c4 g6 3.Nc3 Bg7 4.d4 O-O 5.e4 d6 6.Be2 e5 7.O-O Nc6 8.d5 Ne7
9.Ne1 Nd7 10.f3 f5 11.g4 Nf6 12.Be3 c5 13.Nd3 f4 14.Bf2 g5 15.Rb1 h5 16.h3 Ng6
17.b4 b6 18.bxc5 bxc5 19.Qa4 hxg4 20.hxg4 Ne8 21.Qc6 Bd7 22.Qa6 Bc8 23.Qc6 Bd7
24.Qa6 Bc8 25.Qc6  1/2-1/2

[Event "Zamardi"]
[Site "Zamardi"]
[Date "1978.??.??"]
[Round "?"]
[White "Moehring, Guenther"]
[Black "Portisch, Ferenc"]
[Result "1/2-1/2"]
[WhiteElo "2405"]
[BlackElo "2450"]

1.d4 Nf6 2.c4 g6 3.Nc3 Bg7 4.e4 d6 5.Nf3 O-O 6.Be2 e5 7.O-O Nc6 8.Be3 Re8
9.dxe5 Nxe5 10.Nxe5 dxe5 11.Qxd8 Rxd8 12.Nb5 Bg4 13.f3 c6 14.Nc7 Rac8 15.fxg4 Nxe4
16.Rad1 Rxd1 17.Rxd1 Bf8 18.Bf3 Bc5 19.Bxc5 Nxc5 20.Nd5 cxd5 21.Bxd5 Rc7
22.b3 Kg7 23.Kf2 f5 24.gxf5 gxf5 25.g4 fxg4 26.Rg1 h5 27.h3 Nd3+ 28.Ke3 Nf4
29.hxg4 Nxd5+ 30.cxd5 hxg4 31.Rxg4+ Kf6 32.Rg2 Rc1 33.Rh2 Rd1 34.Rh6+ Kf5
35.Rh5+ Kf6 36.Rh6+ Kf5 37.Rh5+ Kf6 38.Rh7 Rxd5 39.Rxb7 a5 40.Ra7 Ke6 41.Ra6+ Kf5  1/2-1/2

[Event "Schacknytts Jubileumsturnering"]
[Site "Malmo"]
[Date "1979.11.28"]
[Round "3"]
[White "Nemet, Ivan"]
[Black "Westerinen, Heikki MJ"]
[Result "0-1"]
[WhiteElo "2470"]
[BlackElo "2465"]

1.d4 Nf6 2.Nf3 g6 3.c4 Bg7 4.Nc3 O-O 5.e4 d6 6.Be2 e5 7.O-O Nc6 8.d5 Ne7
9.Nd2 a5 10.b3 b6 11.Ba3 g5 12.b4 axb4 13.Bxb4 c5 14.dxc6 Nxc6 15.a3 g4 16.Re1 h5
17.Bf1 Nh7 18.Nb5 Nxb4 19.axb4 Rxa1 20.Qxa1 f5 21.Qa2 Kh8 22.exf5 Bxf5 23.Ne4 Bxe4
24.Rxe4 Ng5 25.Re3 e4 26.Qd2 Be5 27.Nc3 Qf6 28.Nxe4 Qf4 29.g3 Qxe4  0-1

[Event "IBM-B"]
[Site "Amsterdam"]
[Date "1979.??.??"]
[Round "2"]
[White "Hernandez, Roman"]
[Black "Van der Wiel, John TH"]
[Result "1/2-1/2"]
[WhiteElo "2500"]
[BlackElo "2375"]

1.c4 g6 2.Nc3 Bg7 3.d4 Nf6 4.e4 d6 5.Be2 O-O 6.Nf3 e5 7.O-O Nc6 8.d5 Ne7
9.Nd2 c5 10.dxc6 bxc6 11.b4 d5 12.Ba3 Re8 13.b5 Qa5 14.Qb3 Nxe4 15.Ndxe4 dxe4
16.Bxe7 Rxe7 17.bxc6 f5 18.Nd5 Rf7 19.Rfd1 Qc5 20.Qb5 Bf8 21.Rab1 Be6 22.Qa6 Rc8
23.c7 Bxd5 24.Qxc8 Rxc7 25.Qd8 Bb7 26.Rd7 Rxd7 27.Qxd7 Bc6 28.Qd2  1/2-1/2

[Event "IBM"]
[Site "Amsterdam"]
[Date "1979.??.??"]
[Round "8"]
[White "Sosonko, Gennadi"]
[Black "Ligterink, Gert"]
[Result "1/2-1/2"]
[WhiteElo "2535"]
[BlackElo "2440"]

1.d4 Nf6 2.c4 g6 3.Nc3 Bg7 4.e4 d6 5.Nf3 O-O 6.Be2 e5 7.O-O Nc6 8.d5 Ne7
9.b4 a5 10.bxa5 c5 11.Nd2 Qxa5 12.Nb5 Qd8 13.Bb2 Ne8 14.a4 Bh6 15.Ra3 f5
16.exf5 gxf5 17.Bh5 Nf6 18.Be2  1/2-1/2

[Event "IBM-B"]
[Site "Amsterdam"]
[Date "1979.??.??"]
[Round "9"]
[White "Langeweg, Kick"]
[Black "Van der Wiel, John TH"]
[Result "1/2-1/2"]
[WhiteElo "2440"]
[BlackElo "2375"]

1.Nf3 g6 2.c4 Bg7 3.d4 Nf6 4.Nc3 O-O 5.e4 d6 6.Be2 e5 7.O-O Nc6 8.d5 Ne7
9.Nd2 c5 10.dxc6 bxc6 11.b4 d5 12.cxd5 cxd5 13.b5 Bb7 14.exd5 Nexd5 15.Nde4 Nxe4
16.Nxe4 Qb6 17.Qb3 Nf4 18.Bf3 Bxe4 19.Bxe4 Ne2+ 20.Kh1 Qd4 21.Bxa8 Qxa1 22.Qc4 Nxc1
23.Rxc1 Qb2 24.Bd5  1/2-1/2

[Event "Konex"]
[Site "Buenos Aires"]
[Date "1979.??.??"]
[Round "11"]
[White "Rubinetti, Jorge A"]
[Black "Quinteros, Miguel A"]
[Result "1/2-1/2"]
[WhiteElo "2430"]
[BlackElo "2545"]

1.Nf3 g6 2.c4 Bg7 3.d4 Nf6 4.Nc3 O-O 5.e4 d6 6.Be2 e5 7.O-O Nc6 8.d5 Ne7
9.Ne1 Nd7 10.Nd3 f5 11.Bd2 Kh8 12.b4 Nf6 13.f3 f4 14.c5 Neg8 15.Qc2 g5 16.cxd6 cxd6
17.Nf2 h5 18.Nb5 Ne8 19.Rfc1 Bd7 20.a4 Nh6 21.h3 Rf6 22.Ra3 Rg6 23.Nc7 Rc8
24.Rc3 Nxc7 25.Rxc7 Rb8 26.Bb5 Bxb5 27.Rc8 Rxc8 28.Qxc8 Bf6 29.axb5 Qxc8
30.Rxc8+ Rg8 31.Rxg8+ Kxg8 32.Kf1  1/2-1/2

[Event "BCF-ch"]
[Site "Chester"]
[Date "1979.??.??"]
[Round "10"]
[White "Knott, Simon JB"]
[Black "Hall, John"]
[Result "1-0"]
[WhiteElo "2210"]
[BlackElo "2200"]

1.c4 g6 2.Nf3 Bg7 3.d4 Nf6 4.Nc3 O-O 5.e4 d6 6.Be2 e5 7.O-O Nc6 8.d5 Ne7
9.Ne1 Nd7 10.Nd3 f5 11.Bd2 Nf6 12.f3 f4 13.c5 g5 14.Rc1 Ng6 15.cxd6 cxd6
16.Nb5 Rf7 17.Qc2 Ne8 18.a4 h5 19.Nf2 Bf8 20.Qb3 Nf6 21.h3 Rg7 22.Rc2 a6
23.Na3 Bd7 24.a5 Nh8 25.Nc4 Rc8 26.Nb6 Rxc2 27.Qxc2 Be8 28.Rc1 Nf7 29.Qc7 Qxc7
30.Rxc7 Nh6 31.Rc8 Bg6 32.Bb4 Ne8 33.Nc4 Rd7 34.Bd1 Be7 35.Ba4 Rd8 36.Rxd8 Bxd8
37.Nd3 Bc7 38.Bxe8 Bxe8 39.Bxd6  1-0

[Event "Dubna"]
[Site "Dubna"]
[Date "1979.??.??"]
[Round "?"]
[White "Plachetka, Jan"]
[Black "Georgiev, Krum"]
[Result "1-0"]
[WhiteElo "2445"]
[BlackElo "2440"]

1.d4 Nf6 2.c4 g6 3.Nc3 Bg7 4.e4 d6 5.Nf3 O-O 6.Be2 e5 7.O-O Nc6 8.d5 Ne7
9.Nd2 c5 10.dxc6 bxc6 11.b4 d5 12.Ba3 Be6 13.Re1 Nd7 14.b5 d4 15.Na4 Re8
16.Nb3 Bf8 17.Nac5 Nxc5 18.Nxc5 Nc8 19.Nxe6 Rxe6 20.Bxf8 Qxf8 21.Bg4 Rf6
22.Bd7 Ne7 23.a4 Qd8 24.Bg4 Qa5 25.Qd3 c5 26.Qa3 Qc7 27.a5 Rd8 28.Qd3 Kg7
29.Reb1 Rdd6 30.h4 h5 31.Bh3 Rd8 32.Rb3 Rfd6 33.Qg3 f6 34.f4 exf4 35.Qxf4 d3
36.e5 fxe5 37.Qxe5+ Kh7 38.Rxd3 Kh6 39.Re1 Ng8 40.Qf4+ Kg7 41.Red1  1-0

[Event "Aaronson Masters"]
[Site "London"]
[Date "1979.??.??"]
[Round "4"]
[White "Ligterink, Gert"]
[Black "Goodman, David SC"]
[Result "1-0"]
[WhiteElo "2440"]
[BlackElo "2340"]

1.d4 g6 2.e4 d6 3.c4 Bg7 4.Nc3 Nf6 5.Be2 O-O 6.Nf3 e5 7.O-O Nc6 8.d5 Ne7
9.Ne1 Nd7 10.Nd3 f5 11.Bd2 fxe4 12.Nxe4 Nf6 13.Nxf6+ Bxf6 14.Bf3 Nf5 15.Bc3 Bg7
16.g3 Qe8 17.Re1 Qf7 18.Be4 g5 19.c5 h5 20.Rc1 b6 21.cxd6 cxd6 22.Qc2 a5
23.b4 Ba6 24.bxa5 bxa5 25.Ba1 Rac8 26.Qd2 Rxc1 27.Rxc1 g4 28.Rc6 Bb5 29.Rb6 Bc4
30.Bc3 Bh6 31.Qb2 Be3 32.Rb7 Ne7 33.Rxe7 Qxe7 34.fxe3 Qf7 35.Nf2 a4 36.Qd2 Rb8
37.Bb4 Rb5 38.Bxd6 Bxd5 39.Qc2 Bxe4 40.Nxe4 Rd5 41.Ng5 Qf5 42.Qxf5  1-0

[Event "Lloyds Bank op"]
[Site "London"]
[Date "1979.??.??"]
[Round "8"]
[White "Norris, Alan J"]
[Black "Watson, William N"]
[Result "1-0"]
[WhiteElo "2200"]
[BlackElo "2265"]

1.d4 Nf6 2.c4 g6 3.Nc3 Bg7 4.e4 d6 5.Nf3 O-O 6.Be2 e5 7.O-O Nc6 8.d5 Ne7
9.Ne1 Nd7 10.Nd3 f5 11.Bd2 c5 12.b4 b6 13.f3 f4 14.a4 cxb4 15.Nxb4 a5 16.Nc6 Nxc6
17.dxc6 Nb8 18.Bc1 Be6 19.c5 Nxc6 20.cxd6 Qh4 21.Nb5 Rad8 22.Bb2 Rf6 23.Rc1 g5
24.Bc4 Bxc4 25.Rxc4 Nd4 26.Bxd4 exd4 27.Qxd4 Rh6 28.Qd5+ Kh8 29.h3 Qg3 30.Qf5 Rh4
31.Rc8 Rg8 32.Rxg8+ Kxg8 33.Qe6+ Kf8 34.d7  1-0

[Event "Lone Pine op"]
[Site "Lone Pine"]
[Date "1979.??.??"]
[Round "3"]
[White "Odendahl, Steven M"]
[Black "Ree, Hans"]
[Result "0-1"]
[WhiteElo "2370"]
[BlackElo "2480"]

1.d4 Nf6 2.c4 g6 3.Nc3 Bg7 4.e4 d6 5.Be2 O-O 6.Nf3 e5 7.O-O Nc6 8.d5 Ne7
9.b4 a5 10.Ba3 axb4 11.Bxb4 Nd7 12.Nd2 f5 13.a4 Bh6 14.a5 Nf6 15.c5 Bxd2
16.Qxd2 fxe4 17.cxd6 cxd6 18.Nb5 Nf5 19.Qc3 Ne8 20.Rad1 Bd7 21.Qa3 Bxb5 22.Bxb5 Nc7
23.Be2 Na6 24.Bc3 Nc5 25.Qb4 Rc8 26.Rc1 Qf6 27.f4 exf3 28.Rxf3 Qg5 29.Bd2 Qe7
30.Bc3 Nh4 31.Rxf8+ Rxf8 32.Bd2 Nf5 33.Bc4 Qh4 34.Bf1 Nd4 35.Bc4 Qf2+ 36.Kh1 Ne2
37.Bxe2 Qxe2  0-1

[Event "Lone Pine op"]
[Site "Lone Pine"]
[Date "1979.??.??"]
[Round "5"]
[White "Zaltsman, Vitaly F"]
[Black "Morris, Walter D"]
[Result "1/2-1/2"]
[WhiteElo "2470"]
[BlackElo "2345"]

1.d4 Nf6 2.c4 g6 3.Nc3 Bg7 4.e4 d6 5.Be2 O-O 6.Nf3 e5 7.O-O Nc6 8.d5 Ne7
9.Ne1 Nd7 10.Nd3 f5 11.Bd2 c5 12.Rb1 fxe4 13.Nxe4 Nf6 14.f3 Nf5 15.Ndf2 Nd4
16.Bd3 Bf5 17.b4 b6 18.bxc5 bxc5 19.Rb7 Nxe4 20.Nxe4 Bxe4 21.Bxe4 Qc8 22.Qb1 Rf7
23.Rb2 Qf8 24.Qd3 Bh6 25.Rfb1 Bxd2 26.Qxd2 Qe7 27.Qh6 Raf8 28.h4 Qf6 29.Rb7 Ne2+
30.Kh2 Nc3 31.R1b2 Nxe4 32.fxe4 Rxb7 33.Rxb7 Qf4+ 34.Qxf4 Rxf4  1/2-1/2

[Event "Marshall op"]
[Site "New York"]
[Date "1979.??.??"]
[Round "4"]
[White "Fedorowicz, John P"]
[Black "Meyer, J."]
[Result "1-0"]
[WhiteElo "2405"]
[BlackElo "2365"]

1.c4 g6 2.d4 Nf6 3.Nc3 Bg7 4.e4 d6 5.Nf3 O-O 6.Be2 e5 7.O-O Nc6 8.d5 Ne7
9.Ne1 Nd7 10.Nd3 f5 11.Bd2 Nf6 12.f3 f4 13.c5 g5 14.cxd6 cxd6 15.Nf2 Rf7
16.Qc2 Ng6 17.Rfc1 h5 18.Nb5 Ne8 19.a4 Nh4 20.Nxa7 Bd7 21.Nb5 g4 22.fxg4 f3
23.gxf3 Nxf3+ 24.Bxf3 Rxf3 25.g5 Qb6 26.Be1 Rf4 27.Ra3 Rc8 28.Qxc8 Bxc8 29.Rxc8 Rxe4
30.Rxe8+ Kh7 31.g6+ Kxg6 32.Re6+ Kh7 33.Kf1 Rxa4 34.Nxd6 Rf4 35.Rg3 Qa6+
36.Kg2 Bf8 37.Nde4 Qc4 38.Rxe5 h4 39.Rh5+ Bh6 40.Rxh4 Qxd5 41.Rxh6+  1-0

[Event "Regency Masters A"]
[Site "Ramsgate"]
[Date "1979.??.??"]
[Round "5"]
[White "Langeweg, Kick"]
[Black "Boersma, Paulus A"]
[Result "0-1"]
[WhiteElo "2440"]
[BlackElo "2350"]

1.Nf3 Nf6 2.c4 g6 3.Nc3 Bg7 4.e4 d6 5.d4 O-O 6.Be2 e5 7.O-O Nc6 8.d5 Ne7
9.Ne1 Nd7 10.Nd3 f5 11.Bd2 fxe4 12.Nxe4 Nf6 13.Bf3 Nf5 14.Bc3 Bd7 15.Re1 b6
16.b4 Nxe4 17.Bxe4 Nd4 18.a4 a5 19.bxa5 bxa5 20.c5 Qg5 21.Bxd4 exd4 22.f4 Qf6
23.c6 Bc8 24.g3 Qf7 25.Bg2 Bf5 26.Rb1 Rfe8 27.Rb7 Rxe1+ 28.Nxe1 Qe7 29.Qd2 d3
30.Nxd3 Bd4+ 31.Nf2 Bb6 32.Rxb6 cxb6 33.g4 Bc8 34.Bf1 Ra7 35.Qd4 Qe1 36.Qxb6 Rf7
37.Nd3 Qe4 38.Qd8+ Rf8 39.Qxd6 Qe3+ 40.Kg2 Bxg4 41.Qe5 Bh3+  0-1

[Event "Reggio Emilia"]
[Site "Reggio Emilia"]
[Date "1979.??.??"]
[Round "?"]
[White "Cramling, Dan"]
[Black "Chevaldonnet, Francois"]
[Result "1-0"]
[WhiteElo "2355"]
[BlackElo "2345"]

1.d4 g6 2.e4 Bg7 3.c4 d6 4.Nc3 Nf6 5.Be2 O-O 6.Nf3 e5 7.O-O Nc6 8.d5 Ne7
9.Ne1 Nd7 10.Nd3 f5 11.Bd2 Nf6 12.f3 f4 13.c5 g5 14.Rc1 Ng6 15.cxd6 cxd6
16.Nb5 Rf7 17.Qc2 Ne8 18.a4 h5 19.Nf2 Bd7 20.Qb3 Bf8 21.h3 Nh4 22.Rc2 Rg7
23.Rfc1 Kh8 24.a5 Bxb5 25.Qxb5 Nf6 26.a6 Rb8 27.Ba5 b6 28.Be1 Kg8 29.Qd3 Qd7
30.Rc6 Re8 31.Bb4 g4 32.fxg4 hxg4 33.Nxg4 Nxg4 34.Bxg4 Nxg2 35.Kxg2 Rxg4+
36.hxg4 Qxg4+ 37.Kf2 Be7 38.Qf3 Qh4+ 39.Ke2 Qh2+ 40.Kd3 Qxb2 41.Qg4+  1-0

[Event "Reggio Emilia"]
[Site "Reggio Emilia"]
[Date "1979.??.??"]
[Round "?"]
[White "Wagman, Stuart"]
[Black "Chevaldonnet, Francois"]
[Result "1-0"]
[WhiteElo "2315"]
[BlackElo "2345"]

1.c4 Nf6 2.Nc3 g6 3.e4 d6 4.d4 Bg7 5.Nf3 O-O 6.Be2 e5 7.O-O Nc6 8.d5 Ne7
9.Nd2 c5 10.dxc6 bxc6 11.b4 d5 12.Ba3 a6 13.Bf3 d4 14.Na4 Bh6 15.Nb3 Qc7
16.Nac5 Rd8 17.Bc1 Bxc1 18.Qxc1 Nd7 19.Nd3 Kg7 20.Bg4 f5 21.Bxf5 Nxf5 22.exf5 Nf6
23.fxg6 hxg6 24.Qg5 e4 25.Nf4 Bf5 26.Qxf5 gxf5 27.Ne6+ Kf7 28.Nxc7 Ra7 29.Nd5 cxd5
30.Nxd4 Rc7 31.c5 f4 32.Rfc1 Nd7 33.a4 Rb8 34.c6 Ne5 35.b5 a5 36.Rab1 Nc4
37.g3 f3 38.h4 Nb6 39.Ra1 Kf6 40.Nb3 Ra8 41.Rd1 Ke5 42.Rd4 Rg7 43.Kh2 Rag8
44.Re1 Nc4 45.Rxc4 dxc4 46.Nc5 c3 47.Nxe4 Kd4 48.Ng5 Kc4 49.Nxf3 Rf8 50.Kg2 c2
51.Rc1 Kc3 52.Ne1 Kd2 53.Rxc2+ Kxe1 54.c7  1-0

[Event "ISL-ch"]
[Site "Reykjavik"]
[Date "1979.??.??"]
[Round "11"]
[White "Gudmundsson, Elvar"]
[Black "Angantysson, Haukur"]
[Result "1/2-1/2"]
[WhiteElo "2220"]
[BlackElo "2400"]

1.e4 g6 2.d4 Bg7 3.c4 d6 4.Nc3 Nf6 5.Nf3 O-O 6.Be2 Nc6 7.O-O e5 8.d5 Ne7
9.Ne1 Nd7 10.Nd3 f5 11.Bd2 Nf6 12.f3 c6 13.Rc1 cxd5 14.cxd5 Qb6+ 15.Kh1 Bd7
16.b4 Rac8 17.Rc2 fxe4 18.fxe4 Ng4 19.Bxg4 Bxg4 20.Rxf8+ Rxf8 21.Qg1 Qd4
22.Nb2 Rf2 23.Nb5 Qxe4 24.Qxf2 Qxc2 25.Nxd6 Bf5 26.Be1 Qxf2 27.Bxf2 Nxd5
28.Bxa7 Nxb4 29.a3 Nc6 30.Bb6 Bf8 31.Nxb7 Bxa3 32.Nc4 Bb4 33.Nba5 Bxa5 34.Nxa5 Nb4
35.Nc4 e4 36.Kg1 Kf7 37.g4 Bd7 38.Nd6+ Ke6 39.Nxe4 Ke5 40.Ng5 Nd5 41.Bd8 h5
42.gxh5 gxh5 43.Ba5 Kf4 44.Bd2+ Kf5  1/2-1/2

[Event "Stary Smokovec"]
[Site "Stary Smokovec"]
[Date "1979.??.??"]
[Round "?"]
[White "Plachetka, Jan"]
[Black "Gazik, Igor"]
[Result "1-0"]
[WhiteElo "2445"]
[BlackElo "2460"]

1.d4 Nf6 2.c4 g6 3.Nc3 Bg7 4.e4 d6 5.Nf3 O-O 6.Be2 e5 7.O-O Nc6 8.d5 Ne7
9.Nd2 Nd7 10.b4 f5 11.Ba3 Nf6 12.c5 Rf7 13.cxd6 cxd6 14.b5 fxe4 15.Ndxe4 Nxe4
16.Nxe4 Nf5 17.Bb4 Bf8 18.a4 Qh4 19.Bd3 Bd7 20.Rc1 Bh6 21.Rc4 Nd4 22.Bxd6 Bg4
23.f3 Nf5 24.fxg4 Ne3 25.Rxf7 Nxd1 26.g3 Qh3 27.Rcc7 Be3+ 28.Kh1 Nf2+ 29.Nxf2 e4
30.Nxh3  1-0

[Event "SWE-ch"]
[Site "?"]
[Date "1979.??.??"]
[Round "?"]
[White "Elfvin, U."]
[Black "Lind, Jan Olov"]
[Result "1-0"]
[WhiteElo "2200"]
[BlackElo "2355"]

1.d4 Nf6 2.c4 g6 3.Nc3 Bg7 4.e4 d6 5.Nf3 O-O 6.Be2 e5 7.O-O Nc6 8.d5 Ne7
9.Nd2 Nd7 10.b4 f5 11.f3 f4 12.a4 g5 13.c5 Nf6 14.Nc4 Ng6 15.Ba3 Ne8 16.a5 Rf7
17.b5 b6 18.axb6 axb6 19.cxb6 cxb6 20.Qb3 h5 21.Rfc1 Bf8 22.Na2 Rg7 23.Rc2 Nh4
24.Rf1 g4 25.fxg4 Nf6 26.Qd3 hxg4 27.g3 f3 28.Bd1 Ng2 29.Bc1 Nh5 30.Qb3 Nf6
31.Qd3 Nd7 32.Ba3 Rg6 33.Kh1 Rh6 34.Bxf3 gxf3 35.Qxf3 Nf4 36.gxf4 Nf6 37.Rg1+ Kh8
38.fxe5 dxe5 39.Bxf8 Qxf8 40.Nxe5  1-0

[Event "CSR-ch"]
[Site "Trencianske Teplice"]
[Date "1979.??.??"]
[Round "3"]
[White "Vokac, Marek"]
[Black "Uhlmann, Wolfgang"]
[Result "0-1"]
[WhiteElo "2330"]
[BlackElo "2530"]

1.Nf3 Nf6 2.c4 g6 3.Nc3 Bg7 4.e4 d6 5.d4 O-O 6.Be2 e5 7.O-O Nc6 8.d5 Ne7
9.Ne1 Nd7 10.Nd3 f5 11.Bd2 Nf6 12.f3 f4 13.c5 g5 14.Rc1 Ng6 15.cxd6 cxd6
16.Nb5 Rf7 17.Qc2 Ne8 18.Nf2 h5 19.a4 Bd7 20.Qb3 Bf8 21.Rc2 Nh4 22.h3 a6
23.Na3 Nf6 24.a5 Rg7 25.Be1 g4 26.fxg4 hxg4 27.Bxg4 Bxg4 28.Nxg4 Nxg4 29.hxg4 Rxg4
30.Qh3 Qg5 31.Bxh4 Rxh4 32.Qe6+ Kh8 33.Rf3 Be7 34.Nc4 Rg8 35.Nxd6 Bxd6 36.Qxd6 Rh6
37.Qc5 Qh5 38.Kf1 Qg6 39.Kg1 Qxe4 40.Qc3 Qxd5 41.Re2 Rg5 42.Rxf4 Qd1+ 43.Re1 Qh5
44.Rf8+ Kg7 45.Qf3 Qh1+ 46.Kf2 Qh4+ 47.g3 Qh2+ 48.Ke3 Rxg3 49.Rf7+ Kg6 50.Rf6+ Kg5
51.Rf5+ Kh4 52.Ke4  0-1

[Event "BCF-ch"]
[Site "Brighton"]
[Date "1980.08.09"]
[Round "6"]
[White "Neat, Kenneth P"]
[Black "Britton, Richard"]
[Result "1-0"]
[WhiteElo "2315"]
[BlackElo "2330"]

1.c4 Nf6 2.Nf3 g6 3.Nc3 Bg7 4.d4 O-O 5.e4 d6 6.Be2 e5 7.O-O Nc6 8.d5 Ne7
9.Bd2 Ne8 10.b4 f5 11.Qb3 h6 12.c5 Nf6 13.exf5 Nxf5 14.c6 e4 15.Ne1 bxc6
16.dxc6+ d5 17.Nc2 Kh7 18.f3 Qd6 19.fxe4 dxe4 20.Rad1 Qxc6 21.Qc4 Qb6+ 22.Qc5 Be6
23.Ne3 Nd4 24.Bc4 Qxc5 25.bxc5 Rad8 26.Rfe1 c6 27.Rb1 Rd7 28.Ne2 Bxc4 29.Nxc4 Ng4
30.h3 Nxe2+ 31.Rxe2 Bd4+ 32.Kh1 Nf2+ 33.Kh2 Bxc5 34.g3 Bd4 35.Kg2 g5 36.Rf1 Rf3
37.Be1 Nxh3 38.Rxe4 Rxf1 39.Kxf1 h5 40.Re6 c5 41.Nd6 Ng1 42.Kg2 g4 43.Bd2 Nf3
44.Bf4 Bg7 45.Kf2 Nd4 46.Re8 Kg6 47.Rc8 Ne6 48.Rc6 Bd4+ 49.Ke2 h4 50.Ne4 Kf5
51.Nd6+ Rxd6 52.Bxd6 h3 53.Kf1 Ke4 54.Be7 Kd5 55.Rd6+ Ke5 56.Rc6 Be3 57.Ra6 c4
58.Rc6 Nd4 59.Rxc4 Ke4 60.Bd6 Kd5 61.Rc3 Nf5 62.Bb8 Bc5 63.Rb3 Bb6 64.Rb5+ Ke6
65.Re5+ Kf6 66.Rb5 Be3 67.Be5+ Ke6 68.Bb8 Bb6 69.a4 Bd4 70.Bf4 a6 71.Ra5 Bc3
72.Rxa6+ Kd5 73.Kg1  1-0

[Event "Baku"]
[Site "Baku"]
[Date "1980.??.??"]
[Round "14"]
[White "Vogt, Lothar"]
[Black "Gufeld, Eduard"]
[Result "0-1"]
[WhiteElo "2510"]
[BlackElo "2510"]

1.Nf3 Nf6 2.c4 g6 3.Nc3 Bg7 4.e4 d6 5.d4 O-O 6.Be2 e5 7.O-O Nc6 8.d5 Ne7
9.Bd2 Nh5 10.g3 f5 11.exf5 Nxf5 12.Ne4 Nf6 13.Bg5 h6 14.Bxf6 Bxf6 15.Bd3 Bg7
16.h4 c6 17.Kg2 Bd7 18.Qd2 cxd5 19.cxd5 Qb6 20.Rad1 Rf7 21.Bb1 Raf8 22.g4 Ne7
23.Nh2 Bb5 24.Rg1 Bc4 25.h5 Bxd5 26.f3 g5 27.b3 Rf4 28.Rgf1 Rd8 29.Rfe1 Bf7
30.Nf1 d5 31.Ne3 Nc6 32.Ng3 e4 33.Ngf5 Rxf3 34.Nxg7 Kxg7 35.Qb2+ Kg8 36.Nf5 Rxf5
37.gxf5 Qc7 38.Qf6 Rd6 39.Qc3 Bxh5 40.Rd2 Bf3+ 41.Kf1 Qf7 42.Qc5 Rd7 43.Rh2 Kg7
44.Re3 Ne5 45.Qd4 Qf6 46.Rd2 Qxf5 47.Ke1 Qf6 48.Rc3 Bh5  0-1

[Event "Berlin tt"]
[Site "Berlin-West"]
[Date "1980.??.??"]
[Round "?"]
[White "Borik, Otto"]
[Black "McCarthy, Brian"]
[Result "1-0"]
[WhiteElo "2390"]
[BlackElo "2200"]

1.Nf3 Nf6 2.c4 g6 3.d4 Bg7 4.Nc3 O-O 5.e4 d6 6.Be2 e5 7.O-O Nc6 8.d5 Ne7
9.Bd2 Ne8 10.Rc1 f5 11.Ng5 h6 12.Ne6 Bxe6 13.dxe6 c6 14.Qb3 Qc8 15.c5 dxc5
16.exf5 gxf5 17.Rcd1 b5 18.a4 a6 19.Be3 c4 20.Qa3 Qxe6 21.axb5 cxb5 22.Nxb5 axb5
23.Qxa8 Nc7 24.Qb7 Ned5 25.Rd2 Qc8 26.Qxc8 Rxc8 27.Rfd1 Nxe3 28.Rd8+ Rxd8
29.Rxd8+ Kh7 30.fxe3 e4 31.Rd7 Ne6 32.Rb7 Nc5 33.Rxb5 Nd3 34.Bxd3 exd3 35.Kf2  1-0

[Event "COL-ch"]
[Site "Bogota"]
[Date "1980.??.??"]
[Round "?"]
[White "Minaya, Juan M"]
[Black "Acosta, Alejandro"]
[Result "1-0"]
[WhiteElo "2320"]
[BlackElo "2210"]

1.d4 Nf6 2.c4 g6 3.Nc3 Bg7 4.e4 d6 5.Be2 O-O 6.Nf3 e5 7.O-O Nc6 8.d5 Ne7
9.Bd2 Ne8 10.Ne1 f5 11.f3 f4 12.b4 g5 13.Nd3 Nf6 14.c5 Ng6 15.Rc1 h5 16.Nf2 Rf7
17.cxd6 cxd6 18.h3 Bf8 19.Nb5 g4 20.fxg4 hxg4 21.hxg4 Rh7 22.Rc3 Qb6 23.a4 Nxe4
24.Rh3 Rxh3 25.gxh3 Ng3 26.Bd3 e4 27.a5 Qd8 28.Bxe4 Nxf1 29.Qxf1 Qg5 30.Qb1 Ne5
31.Qc1 Bd7 32.Bxf4 Qf6 33.g5 Qg7 34.Nd4 Rc8 35.Qe3 Qf7 36.Qg3 Ng6 37.Bd2 Bg7
38.Ne6 Be5 39.Qd3 Nf8 40.Ng4 Qh5 41.Qf3 Qh4 42.Nh6+ Kh8 43.Nf5 Qh7 44.Nxd6 Nxe6
45.Bxh7 Bd4+ 46.Kg2  1-0

[Event "Budapest"]
[Site "Budapest"]
[Date "1980.??.??"]
[Round "?"]
[White "Szekely, Peter"]
[Black "Hausner, Ivan"]
[Result "1/2-1/2"]
[WhiteElo "2210"]
[BlackElo "2445"]

1.Nf3 Nf6 2.c4 g6 3.Nc3 Bg7 4.e4 d6 5.d4 O-O 6.Be2 e5 7.O-O Nc6 8.Be3 Ng4
9.Bg5 f6 10.Bc1 Qe8 11.h3 Nh6 12.dxe5 dxe5 13.Nd5 Rf7 14.Be3 Nd8 15.Qd2 Qf8
16.Rad1 Ne6 17.Qb4 c6 18.Qxf8+ Bxf8 19.Nc3 Rd7 20.Rxd7 Bxd7 21.Rd1 Be8 22.g3 Nf7
23.Ne1 Bh6 24.Bxh6 Nxh6 25.Nc2 Kf8 26.Kg2 Kf7 27.b4 a5 28.a3 axb4 29.axb4  1/2-1/2

[Event "Politiken Cup"]
[Site "Copenhagen"]
[Date "1980.??.??"]
[Round "5"]
[White "Hvenekilde, Jorgen"]
[Black "Jacobsen, Bo"]
[Result "0-1"]
[WhiteElo "2235"]
[BlackElo "2370"]

1.d4 Nf6 2.Nf3 g6 3.c4 Bg7 4.Nc3 O-O 5.e4 d6 6.Be2 e5 7.O-O Nc6 8.d5 Ne7
9.Ne1 Nd7 10.Nd3 f5 11.Bd2 Nf6 12.f3 f4 13.c5 g5 14.Rc1 Ng6 15.cxd6 cxd6
16.Nf2 Rf7 17.Qb3 h5 18.h3 Bf8 19.Rc2 Rg7 20.Rfc1 a6 21.Be1 b5 22.Kf1 Bd7
23.a3 Ra7 24.Na2 a5 25.Bxb5 Rb7 26.a4 g4 27.hxg4 hxg4 28.fxg4 Nxg4 29.Nxg4 Bxg4
30.Bf2 Rh7 31.Ke1 Nh4 32.Bxh4 Qxh4+ 33.Rf2 Be7 34.Qd3 Bd8 35.Rc6 Bb6 36.Rxb6 Rxb6
37.Nc3 Rbb7 38.Qf1 Qg3 39.Kd2 Rh2 40.Kc2 Qe3 41.Be2 Rg7 42.Bxg4 Rxg4 43.Rd2 Kh7
44.Qb5 Rg7 45.Qf1 Rg3 46.Qb5 Qa7 47.Qf1 Rhxg2 48.Qh1+ Kg6 49.Rxg2 Rxg2+  0-1

[Event "Politiken Cup"]
[Site "Copenhagen"]
[Date "1980.??.??"]
[Round "6"]
[White "Plachetka, Jan"]
[Black "Jacobsen, Bo"]
[Result "1-0"]
[WhiteElo "2480"]
[BlackElo "2370"]

1.d4 Nf6 2.c4 g6 3.Nc3 Bg7 4.e4 d6 5.Nf3 O-O 6.Be2 e5 7.O-O Nc6 8.d5 Ne7
9.Nd2 Ne8 10.b4 c5 11.dxc6 bxc6 12.a4 Be6 13.Ba3 f5 14.b5 c5 15.Nb3 Nf6 16.Qd3 fxe4
17.Nxe4 Nxe4 18.Qxe4 Rf4 19.Qc2 Bf5 20.Qd2 Be4 21.Rad1 Nf5 22.Nxc5 Bxg2 23.Ne6 Qf6
24.Nxf4 exf4 25.Kxg2 f3+ 26.Kh1 Nd4 27.Qxd4 Qxd4 28.Rxd4 fxe2 29.Re1 Bxd4
30.Rxe2 Rc8 31.Re4 Bc5 32.Bxc5 Rxc5 33.Re7 Rxc4 34.Rxa7 Rb4 35.Rc7 Rxa4 36.b6  1-0